000 01791cam a22003734a 4500
001 16468238
003 Nust- CAS-E
005 20180118181354.0
008 100921s2011 njuab b 001 0 eng
010 _a 2010039916
015 _aGBB0A1130
_2bnb
016 7 _a015634456
_2Uk
020 _a9780470520338
020 _a0470520337
020 _a9780470917817
035 _a(OCoLC)ocn659233571
040 _aDLC
_cDLC
_dYDX
_dUKM
_dYDXCP
_dCDX
_dBWX
_dDLC
042 _apcc
050 0 0 _aGE105
_b.B68 2011
082 0 0 _a363.7
_222
_bBOT 2011
100 1 _aBotkin, Daniel B.
245 1 0 _aEnvironmental science :
_bearth as a living planet /
_cDaniel B. Botkin, Edward A. Keller.
250 _a8th ed.
260 _aHoboken, NJ :
_bWiley,
_cc2011.
300 _axxiv, 567, [63] p. :
_bill. (chiefly col.), maps (chiefly col.) ;
_c29 cm.
504 _aIncludes bibliographical references and index.
520 _a"Environmental Science: Earth as a Living Planet, Eighth Edition provides emphasis on the scientific process throughout the book gives readers the structure to develop their critical thinking skills. Updated and revised to include the latest research in the field, the eighth edition continues to present a balanced analytical and interdisciplinary approach to the field. New streamlined text clears away the "jargon" to bring the issues and the science to the forefront. The new design and updated image program highlights key points and makes the book easier to navigate"--
650 0 _aEnvironmental sciences.
650 0 _aHuman ecology.
700 1 _aKeller, Edward A.,
_d1942-
906 _a7
_bcbc
_corignew
_d1
_eecip
_f20
_gy-gencatlg
942 _2ddc
_cBK
999 _c355249
_d355249